Statystyki dla Trasa Autobusu 713 Warszawa

Kliknij tutaj aby rozwiązać quiz!

Ogólne statystyki

  • Ten quiz został rozwiązany 8 razy
  • Średni wynik to 15 z 23

Statystyki odpowiedzi

UliceStrefyPrzystanki% Poprawnych
Poznańska2Nizinna
100%
Jaśminowa2Agricoop
80%
Połczyńska1Ciepłownia Wola
80%
Fort Wola1Cmentarz Wolski
80%
Wolska1Fort Wola
80%
Poznańska1Instytut Energetyki
80%
Poznańska2Jawczyce
80%
Poznańska2Mory
80%
Poznańska2Poznańska
80%
Poznańska2Sanktuarium
80%
Poznańska23 Maja
60%
Poznańska2Bronisze
60%
Połczyńska1Karolin
60%
Poznańska2Kierbedzia
60%
Połczyńska1Lazurowa
60%
Połczyńska1Sochaczewska
60%
Poznańska2Starostwo
60%
Połczyńska1Tkaczy
60%
Połczyńska1Dostawcza
40%
Połczyńska1Drzeworytników
40%
Połczyńska1Połczyńska-Parking P+R
40%
Nizinna2Gołaszewska
20%
Poznańska2Umiastowska
20%

Rozkład punktacji

Percentyl według liczby udzielonych odpowiedzi

Procent ludzi z każdym wynikiem

Twoja historia wyników

Nie rozwiązałeś tego quizu